000 00644nas a2200229 4500
001 BR9405517
003 BR-BrBNA
005 20231205093722.0
007 ta
008 230509b bl.|||p| |||| 00| 00por d
040 _aBR-BrBNA
_bpor
_cBiblioteca Nacional de Agricultura
041 _a(Pt)
072 _aL10
100 1 _aReis, E.A.
245 1 _aNa busca do mais adaptavel esta a ciencia do cruzamento
650 _aBovino
650 _aSelecao Genetica
650 _aCruzamento Animal
773 0 _tGranja (Brazil)
_x
_g(Nov 1992), v. 48(530) p. 18-25
_wBR9405517
909 _a202311
_bLúcia
_c55
_dLúcia Elande
942 _2AGRIS
_n0
_cANA
999 _c140071
_d140071